Questioning An Accused / (Record no. 201901)

MARC details
000 -LEADER
fixed length control field 00550nam a22001817a 4500
005 - DATE AND TIME OF LATEST TRANSACTION
control field 20240405165456.0
010 ## - LCCN (DPL NO)
LC control number ENG-140028
020 ## - INTERNATIONAL STANDARD BOOK NUMBER
International Standard Book Number 9788193124902
Terms of availability 200.00
035 ## - SYSTEM CONTROL NUMBER
System control number EN-123560
037 ## - SOURCE OF ACQUISITION
Source of stock number/acquisition DBAD/PUB
082 ## - DEWEY DECIMAL CLASSIFICATION NUMBER
Classification number 363.250954
100 ## - MAIN ENTRY--PERSONAL NAME
Personal name Krishnamurthy,s
Dates associated with a name 2015
245 ## - TITLE STATEMENT
Title Questioning An Accused /
Statement of responsibility, etc S.Krishnamurthy
260 ## - PUBLICATION, DISTRIBUTION, ETC. (IMPRINT)
Place of publication, distribution, etc Hyderabad
Name of publisher, distributor, etc S.V.P National Police Academy
Date of publication, distribution, etc 2015
270 ## - ADDRESS
Address Shivrampalli,Hyderabad
City Hyderabad
Postal code 500052
300 ## - PHYSICAL DESCRIPTION
Extent 384pg;
Dimensions 22cm(Pb)
942 ## - ADDED ENTRY ELEMENTS (KOHA)
Source of classification or shelving scheme Dewey Decimal Classification
Item type English Books
Classification part 363.250954
Call number suffix KRI
Holdings
Withdrawn status Lost status Not for loan Collection code Home library Current library Date acquired Source of acquisition Cost, normal purchase price Full call number Barcode Copy number Cost, replacement price Koha item type
      Fiction Bawana Bawana 02/04/2024 DBAD 200.00 363.250954 KRI EN-123560 1 200.00 English Books

© Delhi Public Library
Hit Counter
free hit counter